Argentina: Otevřít se, nebo skrachovat

O potrebe argentínskeho hospodárstva otvoriť sa svetu, o nutnosti stimulovať export.

Saved in:
Bibliographic Details
Main Author: Alesina, Alberto
Other Authors: Giavazzi, Francesco
Format: Book Chapter
Language:Czech
Subjects:
Tags: Add Tag
No Tags, Be the first to tag this record!

MARC

LEADER 00000naa a2200000 4500
001 r047513
005 20231004070717.9
041 0 |a cze 
044 |a CZ 
245 1 0 |a Argentina: Otevřít se, nebo skrachovat  |c Alberto Alesina, Francesco Giavazzi 
520 |a O potrebe argentínskeho hospodárstva otvoriť sa svetu, o nutnosti stimulovať export. 
610 2 0 |a vývoz 
610 2 0 |a politika hospodárska 
610 2 0 |a politika hospodárska medzinárodná 
610 2 0 |a Argentína 
100 1 |a Alesina, Alberto 
700 1 |a Giavazzi, Francesco